000 00564nam a2200205Ia 4500
005 20250508164757.0
008 008 250505s9999 xx 000 0 eng d
020 _a812592292-X
037 _aTextual
040 _aFEDL
_beng
_cFEDL
041 _aeng
_2eng
084 _a370, KAP
_qFEDL
100 _aKapoor D R
_9405540
245 0 _aDynamics of learning organisations
260 _aNew Delhi, India
_bRegal Publications
_c2009
300 _axvii,272p.
365 _aPrice varies
_b250
942 _cTEXL
_h370, KAP
999 _c1391101
_d1391101